Prognózy vývoje naší civilizace ve 21. století V. mezinárodní vědecká studentská konference, Kroměříž, 31. března 2011 : sborník

Salvato in:
Dettagli Bibliografici
Ente Autore: Prognózy vývoje naší civilizace ve 21. století. Mezinárodní vědecká studentská konference
Altri autori: Strišš, Jozef, Lacina, Karel
Natura: Libro
Lingua:ceco
slovacco
russo
inglese
Pubblicazione: Kunovice Evropský polytechnický institut 2011
Soggetti:
Tags: Aggiungi Tag
Nessun Tag, puoi essere il primo ad aggiungerne!!

MARC

LEADER 00000nlm$a2200000$$$4500
001 0141764
005 20220715123004.2
020 |a 978-80-7314-237-6 
041 0 |a cze 
041 0 |a slo 
041 0 |a rus 
041 0 |a eng 
044 |a CZ 
245 1 0 |a Prognózy vývoje naší civilizace ve 21. století  |b V. mezinárodní vědecká studentská konference, Kroměříž, 31. března 2011 : sborník 
264 1 |a Kunovice  |b Evropský polytechnický institut  |c 2011 
300 |a CD-ROM [520 s.] 
610 2 0 |a prognózy 
610 2 0 |a prognózy hospodárske 
610 2 0 |a prognózy sociálne 
610 2 0 |a civilizácia 
610 2 0 |a globalizácia hospodárstva 
610 2 0 |a kríza hospodárska 
610 2 0 |a kríza finančná 
700 1 |a Strišš, Jozef 
700 1 |a Lacina, Karel 
110 2 |a Prognózy vývoje naší civilizace ve 21. století. Mezinárodní vědecká studentská konference